| 000 | 01663cam a22004694i 4500 | ||
|---|---|---|---|
| 003 | PE-LiUPU | ||
| 005 | 20250731173400.0 | ||
| 008 | 150706s2009 sp r 000 0 spa d | ||
| 020 | _a9788496551800 | ||
| 035 | _a(Sirsi) i9788496551800 | ||
| 040 |
_aPE-LiUPU _bspa _cPE-LiUPU _erda |
||
| 049 | _aPRUA | ||
| 082 | 0 | 4 |
_a221 _bCATA _221 |
| 100 | 1 |
_aMotyer, J. A., _eautor. |
|
| 245 | 1 | 0 |
_aAmós : _bel día del león, el mensaje de justicia del profeta Amós / _cJ. A. Motyer. |
| 264 | 1 |
_aBarcelona : _bAndamio, _c2009. |
|
| 300 |
_a224 páginas ; _c21 centímetros. |
||
| 336 |
_atext _2rdacontent |
||
| 337 |
_aunmediated _2rdamedia |
||
| 338 |
_avolume _2rdacarrier |
||
| 490 | 0 | _aComentario Antiguo Testamento Andamio | |
| 505 | 0 | _aEl rugido del León -- El enemigo circundante -- Jehová el Señor. | |
| 526 | _aSEG42 | ||
| 526 | _aSEG41 | ||
| 526 | _aSEG40 | ||
| 526 | _aSEG39 | ||
| 526 | _aP94 | ||
| 526 | _aP87 | ||
| 526 | _aP86 | ||
| 526 | _aP85 | ||
| 526 | _aP77 | ||
| 526 | _aP76 | ||
| 526 | _aP35 | ||
| 541 | _g001-0000498; | ||
| 630 | 0 | 4 |
_aBiblia. _pA.T. _pAmós _xComentarios . |
| 910 |
_agl _bjck _d20101228 |
||
| 942 |
_2ddc _cBOOK |
||
| 949 |
_a221 CATA 30 _wDEWEY _c1 _i62490 _lCCODEBUL1 _mBUL _p16.00 _r0 _sY _tBOOK _u2015-7-6 _xTEOLOGIA _PP35 _0COMPRA _o.STAFF. Colección General |
||
| 994 |
_aC0 _bPEPRU |
||
| 596 | _a1 | ||
| 999 |
_a221 CATA 30 _wDEWEY _c51545 _i62490 _d51545 _e2018-4-11 _f2021-11-9 _g5 _lCCODEBUL1 _mBUL _n2 _p16.00 _q1 _r0 _sY _tBOOK _u2015-7-6 _xTEOLOGIA _PP35 _0COMPRA _o.STAFF. Colección Teología |
||
| 980 |
_81 _gALBERTO SANCHEZ Responsable de Automatización |
||